International critical tables of numerical data, physics, chemistry and technology (Record no. 1309)

MARC details
000 -LEADER
fixed length control field 00762nam a2200217Ia 4500
003 - CONTROL NUMBER IDENTIFIER
control field IN-BaIIA
008 - FIXED-LENGTH DATA ELEMENTS--GENERAL INFORMATION
fixed length control field 211028s9999 xx 000 0 eng d
040 ## - CATALOGING SOURCE
Transcribing agency IIA Library
080 ## - UNIVERSAL DECIMAL CLASSIFICATION NUMBER
Universal Decimal Classification number 083:53
Item number INT-II
110 ## - MAIN ENTRY--CORPORATE NAME
Corporate name or jurisdiction name as entry element National Research Council
9 (RLIN) 2694
245 #0 - TITLE STATEMENT
Title International critical tables of numerical data, physics, chemistry and technology
Remainder of title vol. II
Statement of responsibility, etc. edited by E. W Washburn
260 ## - PUBLICATION, DISTRIBUTION, ETC.
Place of publication, distribution, etc. New York
Name of publisher, distributor, etc. McGraw-Hill
Date of publication, distribution, etc. 1927
300 ## - PHYSICAL DESCRIPTION
Extent xvii, 616p.
650 ## - SUBJECT ADDED ENTRY--TOPICAL TERM
Topical term or geographic name entry element Astronomy and astrophysics thesaurus
650 ## - SUBJECT ADDED ENTRY--TOPICAL TERM
Topical term or geographic name entry element Tables - chemistry
9 (RLIN) 2695
650 ## - SUBJECT ADDED ENTRY--TOPICAL TERM
Topical term or geographic name entry element Tables - numerical data
9 (RLIN) 2696
650 ## - SUBJECT ADDED ENTRY--TOPICAL TERM
Topical term or geographic name entry element Tables - physics
9 (RLIN) 2697
650 ## - SUBJECT ADDED ENTRY--TOPICAL TERM
Topical term or geographic name entry element Tables - technology
9 (RLIN) 2698
700 ## - ADDED ENTRY--PERSONAL NAME
Personal name Washburn, E. W., ed.
9 (RLIN) 2699
942 ## - ADDED ENTRY ELEMENTS (KOHA)
Koha item type Books
Holdings
Withdrawn status Lost status Damaged status Not for loan Home library Current library Shelving location Date acquired Total Checkouts Full call number Barcode Date last seen Price effective from Koha item type
        IIA Library-Bangalore IIA Library-Bangalore General Stacks     083:53/ INT-II 1386 05/11/2021   Books

Powered by Koha